UBT Library

Business Information Systems : (Record no. 1135)

000 -LEADER
fixed length control field 00719nam a22002417a 4500
008 - FIXED-LENGTH DATA ELEMENTS--GENERAL INFORMATION
fixed length control field 150722b xxu||||| |||| 00| 0 eng d
020 ## - INTERNATIONAL STANDARD BOOK NUMBER
International Standard Book Number 0273638491
041 0# - LANGUAGE CODE
Language code of text/sound track or separate title eng
080 ## - UNIVERSAL DECIMAL CLASSIFICATION NUMBER
Universal Decimal Classification number 658 : 004
245 ## - TITLE STATEMENT
Title Business Information Systems :
Statement of responsibility, etc Paul Bocij; Dave Chaffey; Andrew Greasley; et. al.
260 ## -
-- Great Britain :
-- Pearson Education Limited ;
-- 1999.
300 ## -
-- 731 f.:
-- me il.;
-- 24 cm.
505 ## -
-- Index: f. 721-731
650 #0 -
-- Organizim
650 #0 -
-- Teknologji
650 #0 -
-- Zhvillim
650 #0 -
-- Kompjuterët
700 ## -
-- Paul Bocij ;
700 ## -
-- Dave Chaffey ;
700 ## -
-- Andrew Greasley ;
700 ## -
-- Simon Hickie ;
942 ## - ADDED ENTRY ELEMENTS (KOHA)
Source of classification or shelving scheme
Item type Books
Holdings
Withdrawn status Lost status Source of classification or shelving scheme Damaged status Not for loan Collection code Permanent location Current location Shelving location Date acquired Total Checkouts Full call number Date last seen Price effective from Koha item type
          Koleksioni i përgjithshem UBT - Prishtine UBT - Prishtine Koleksioni i përgjithshem 07/22/2015   658:004 BOC 07/22/2015 07/22/2015 Books
UBT Library © 2015-2024. All rights reserved University Education for Business and Technology